|
|
|
|
| LEADER |
01453nam a22004455i 4500 |
| 001 |
978-3-662-46875-3 |
| 003 |
DE-He213 |
| 005 |
20170619220333.0 |
| 007 |
cr nn 008mamaa |
| 008 |
170619s2017 gw | s |||| 0|eng d |
| 020 |
|
|
|a 9783662468753
|9 978-3-662-46875-3
|
| 024 |
7 |
|
|a 10.1007/978-3-662-46875-3
|2 doi
|
| 040 |
|
|
|d GrThAP
|
| 050 |
|
4 |
|a RC261-271
|
| 072 |
|
7 |
|a MJCL
|2 bicssc
|
| 072 |
|
7 |
|a MED062000
|2 bisacsh
|
| 082 |
0 |
4 |
|a 614.5999
|2 23
|
| 245 |
1 |
0 |
|a Encyclopedia of Cancer
|h [electronic resource] /
|c edited by Manfred Schwab.
|
| 264 |
|
1 |
|a Berlin, Heidelberg :
|b Springer Berlin Heidelberg :
|b Imprint: Springer,
|c 2017.
|
| 300 |
|
|
|a 1230 illus., 870 illus. in color. eReference.
|b online resource.
|
| 336 |
|
|
|a text
|b txt
|2 rdacontent
|
| 337 |
|
|
|a computer
|b c
|2 rdamedia
|
| 338 |
|
|
|a online resource
|b cr
|2 rdacarrier
|
| 347 |
|
|
|a text file
|b PDF
|2 rda
|
| 520 |
|
|
|a .
|
| 650 |
|
0 |
|a Medicine.
|
| 650 |
|
0 |
|a Cancer research.
|
| 650 |
|
0 |
|a Molecular biology.
|
| 650 |
|
0 |
|a Oncology.
|
| 650 |
1 |
4 |
|a Biomedicine.
|
| 650 |
2 |
4 |
|a Cancer Research.
|
| 650 |
2 |
4 |
|a Molecular Medicine.
|
| 650 |
2 |
4 |
|a Oncology.
|
| 700 |
1 |
|
|a Schwab, Manfred.
|e editor.
|
| 710 |
2 |
|
|a SpringerLink (Online service)
|
| 773 |
0 |
|
|t Springer eBooks
|
| 776 |
0 |
8 |
|i Printed edition:
|z 9783662468746
|
| 856 |
4 |
0 |
|u http://dx.doi.org/10.1007/978-3-662-46875-3
|z Full Text via HEAL-Link
|
| 912 |
|
|
|a ZDB-2-SBL
|
| 950 |
|
|
|a Biomedical and Life Sciences (Springer-11642)
|